000 00905nam a22002177a 4500
999 _c13365
_d13365
008 190308b ||||| |||| 00| 0 eng d
020 _a9781443862400
082 _22014
_aAV-CD 820.90092
_bM415
245 _aFacing the Crises :
_banglophone literature in the postmodern world /
_cEdited by Ljubica Matek and Jasna Poljak Rehlicki.
250 _aFirst Edition
260 _bCambridge Scholars Publishing,
_c©2014.
300 _a220 pages;
500 _aIncludes index.
650 _aAmerican literature -- 21st century -- History and criticism.
_937335
650 _aCrisis in literature.
_937336
650 _aEnglish literature -- 21st century -- History and criticism.
_937337
700 _aMatek,Ljubica editor.
_937338
700 _aRehlicki, Jasna Poljak editor.
_937339
856 _yhttps://ebookcentral.proquest.com/lib/uniofmindanao-ebooks/detail.action?docID=1724958
942 _2ddc
_cEB